Most Famous Celebrity of Every Decade Since 1900 - Statistics

General Stats
  • This quiz has been taken 179 times
  • The average score is 7 of 12
Answer Stats
Picture Hint Answer % Correct
2000s Johnny Depp
97%
1990s Tom Cruise
91%
1920s Charlie Chaplin
88%
1980s Harrison Ford
77%
2010s Jennifer Lawrence
76%
1950s John Wayne
59%
1970s Robert Redford
49%
1940s Cary Grant
47%
1960s Paul Newman
46%
1930s Joan Crawford
26%
1910s Mary Pickford
18%
1900s George M. Cohan
2%
No matching quizzes found
Score Distribution
Percent of People with Each Score
Percentile by Number Answered
Your Score History
You have not taken this quiz